Which is bigger? - Statistics

General Stats
  • This quiz has been taken 300 times
    292 since last reset
  • The average score is 4 of 10
Answer Stats
Question Answer % Correct
Which is bigger: Number of fish living in the ocean
67%
Which is bigger: Number of cows on the Earth
66%
Which is bigger: Number of cars in the world
65%
Which is bigger: Elon Musk's net worth
56%
Which is bigger: Number of rivers in the us
44%
Which is bigger Total number of sold iPhones since 2007
40%
Which is bigger: Number of housing units in the us
26%
Which is bigger: Number of trees on Earth
25%
Which is bigger? Number of physicians in the US
24%
Which is bigger: Number of named mountains in the world
7%
No matching quizzes found
Score Distribution
Percent of People with Each Score
Percentile by Number Answered
Your Score History
You have not taken this quiz since the last reset